| 000 | 00490nam a22001817a 4500 | ||
|---|---|---|---|
| 003 | OSt | ||
| 005 | 20140310182313.0 | ||
| 008 | 130312t xxu||||| |||| 00| 0 eng d | ||
| 020 | _a0070470987 | ||
| 050 |
_aQC 981 _b.W47 1998 |
||
| 082 |
_aGS 372 _bW47 1998 |
||
| 110 |
_aNational Wildlife Federation _91352 |
||
| 245 | _aWild about weather / | ||
| 260 |
_aNew York : _bLearning Triangle Press, _cc1998. |
||
| 300 |
_a90 p. : _c28 cm. _bcol. ill. ; |
||
| 942 |
_2lcc _cBK-GS |
||
| 999 |
_c11704 _d11704 |
||